000 00591nam a2200229Ia 4500
003 OSt
005 20140429085528.0
008 140130s9999 xx 000 0 und d
020 _a9780439408707
050 _aPZ 8.3
_b.K6554Mf 2004
100 _aKirk, David.
245 _cDavid Kirk.
_aMiss Spider's :
_bSunny Patch Kids /
260 _bScholastic Inc.,
_cc2004.
_aUSA :
300 _a50 p. :
_bcol. ill. ;
_c23 cm.
440 _v1
526 _cN/A
650 _aSpiders
_xFiction
650 _aParent and Child
_xFiction
942 _cBK
_2lcc
999 _c42022
_d42022